Normal view
MARC view
- P Kantkar, Yashavant
Entry Personal Name
001 - CONTROL NUMBER
- control field: 97247
003 - CONTROL NUMBER IDENTIFIER
- control field: NUST
005 - DATE AND TIME OF LATEST TRANSACTION
- control field: 20220815160740.0
008 - FIXED-LENGTH DATA ELEMENTS
- fixed length control field: 220815|| aca||aabn | a|a d
040 ## - CATALOGING SOURCE
- Original cataloging agency: NUST
- Transcribing agency: NUST
100 ## - HEADING--PERSONAL NAME
- Personal name: P Kantkar, Yashavant
670 ## - SOURCE DATA FOUND
- Source citation: Work cat.: (NUST)190520: P Kantkar, Yashavant, Let Us C /, 2005
